Kadas mana : pět rozhovorů o Bohu mimo kostely /

Hlavní autor: Havlíček, Ondřej, 1998-
Další autoři: Havlová, Alžběta, Moreno, Marie, Strašáková, Hana, Wiewiorková, Anežka, 1994-, Kašpárková, Hana, 1992-
Jazyk: Čeština
Vydáno: Brno : Cesta, 2022
Vydání: První vydání
Témata:
Fyzický popis: 205 stran : ilustrace, portréty ; 21 cm
Language note: Český text
Knihy
Uloženo v:
LEADER 02876cam a2200745 i 4500
001 nkc20223474884
003 CZ PrNK
005 20240409102812.0
007 ta
008 221128s2022 xr ac e 000 0ccze d
015 |a cnb003474884 
020 |a 978-80-7295-302-8  |q (vázáno) 
035 |a (OCoLC)1429252645 
040 |a ULG001  |b cze  |d BOA001  |e rda 
043 |a e-xr--- 
045 |a x-y- 
072 7 |a 27-4  |x Praktická teologie. Morální teologie  |2 Konspekt  |9 5 
072 7 |a 929  |x Biografie  |2 Konspekt  |9 8 
080 |a 27-722.7  |2 MRF 
080 |a 070.422:654.195.6  |2 MRF 
080 |a 2:316.644  |2 MRF 
080 |a 27-184  |2 MRF 
080 |a 27-423.79  |2 MRF 
080 |a 27-662:3  |2 MRF 
080 |a 929  |2 MRF 
080 |a (437.3)  |2 MRF 
080 |a (047.53)  |2 MRF 
100 1 |a Havlíček, Ondřej,  |d 1998-  |7 xx0279006  |4 aut 
245 1 0 |a Kadas mana :  |b pět rozhovorů o Bohu mimo kostely /  |c Ondřej Havlíček, Alžběta Havlová, Marie Moreno, Hana Strašáková, Anežka Wiewiorková ; Hana Kašpárková, ed. 
246 3 0 |a Pět rozhovorů o Bohu mimo kostely 
250 |a První vydání 
264 1 |a Brno :  |b Cesta,  |c 2022 
300 |a 205 stran :  |b ilustrace, portréty ;  |c 21 cm 
336 |a text  |b txt  |2 rdacontent 
337 |a bez média  |b n  |2 rdamedia 
338 |a svazek  |b nc  |2 rdacarrier 
500 |a V roce 2023 dotisk 
546 |a Český text 
648 7 |a 20.-21. století  |7 ch462155  |2 czenas 
650 0 7 |a křesťané  |7 ph122150  |z Česko  |y 20.-21. století  |2 czenas 
650 0 7 |a rozhlasoví redaktoři  |7 ph784491  |x přátelé a spolupracovníci  |2 czenas 
650 0 7 |a náboženské názory a postoje  |7 ph137982  |2 czenas 
650 0 7 |a Bůh a člověk  |7 ph116953  |2 czenas 
650 0 7 |a křesťanská víra  |7 ph122113  |2 czenas 
650 0 7 |a křesťanství a společnost  |7 ph138510  |2 czenas 
650 0 9 |a Christians  |z Czechia  |y 20th-21st centuries  |2 eczenas 
650 0 9 |a radio journalists  |x friends and associates  |2 eczenas 
650 0 9 |a religious views and attitudes  |2 eczenas 
650 0 9 |a relations between God and man  |2 eczenas 
650 0 9 |a Christian faith  |2 eczenas 
650 0 9 |a Christianity and civilization  |2 eczenas 
655 7 |a rozhovory  |7 fd133303  |2 czenas 
655 9 |a interviews  |2 eczenas 
700 1 |a Havlová, Alžběta  |7 av20221143945  |4 aut 
700 1 |a Moreno, Marie  |7 xx0279323  |4 aut 
700 1 |a Strašáková, Hana  |7 xx0279010  |4 aut 
700 1 |a Wiewiorková, Anežka,  |d 1994-  |7 xx0279011  |4 aut 
700 1 |a Kašpárková, Hana,  |d 1992-  |7 xx0279009  |4 edt 
910 2 |a BOA001  |b 2-1504.824 
920 |a 016020003923271  |z ULG001 
990 |a BK 
995 |a 01 
991 |b 202303  |c NOV 
996 6 |b 2610933446  |c 2-1504.824  |l MZK  |r Sklad / do 1 hodiny  |n 1  |p p.v.  |w 001917807  |u 000010  |a 1  |e BOA001  |j MZK50  |s P 
996 7 |b 2610933447  |c 2-1504.824  |l MZK  |r Sklad / do 1 hodiny  |n 7  |p p.v.  |w 001917807  |u 000020  |a 1  |e BOA001  |j MZK50  |s A